Minimal surfaces /
Guardado en:
| Otros Autores: | |
|---|---|
| Formato: | Libro |
| Idioma: | English |
| Publicado: |
Berlin :
Springer-Verlag,
c1992.
|
| Series: | Grundlehren der mathematischen Wissenschaften ;
295-296 |
| Etiquetas: |
Agregar Etiqueta
Sin Etiquetas, Sea el primero en etiquetar este registro!
|
| LEADER | 00992cam a2200265 a 4500 | ||
|---|---|---|---|
| 001 | MAT.inmabb003099 | ||
| 008 | 901205s1992####gw#a#####b####001#0#eng## | ||
| 005 | 20160404173807.0 | ||
| 245 | 0 | 0 | |a Minimal surfaces / |c Ulrich Dierkes ... [et al.]. |
| 260 | |a Berlin : |b Springer-Verlag, |c c1992. | ||
| 300 | |a 2 v. : |b il. (algunas col.) ; |c 24 cm. | ||
| 440 | 0 | |a Grundlehren der mathematischen Wissenschaften ; |v 295-296 | |
| 504 | |a Bibliografía: p. 426-482. | ||
| 505 | 0 | |a 1. Boundary value problems -- 2. Boundary regularity. | |
| 510 | 4 | |a MR, |c 94c:49001a | |
| 500 | |a Falta v. 2. |5 AR-BbIMB | ||
| 020 | |a 3540531696 (v. 1 : Berlin : alk. paper) | ||
| 020 | |a 0387531696 (v. 1 : New York : alk. paper) | ||
| 020 | |a 354053170X (v. 2 : Berlin : alk. paper) | ||
| 020 | |a 038753170X (v. 2 : New York : alk. paper) | ||
| 700 | 1 | |a Dierkes, Ulrich. | |
| 084 | |a 53A10 (58E12 49-02 49Q05 35J60) |2 msc2000 | ||
| 010 | |a 90027155 | ||
| 040 | |a DLC |c DLC |d DLC | ||
| 859 | |h 53 |i D563 |p A-8031 |v I |b BIB. MATEMATICA | ||
